| 000 | 01491cam a2200409 i 4500 | ||
|---|---|---|---|
| 999 |
_c200449774 _d67986 |
||
| 001 | 200449774 | ||
| 003 | TR-AnTOB | ||
| 005 | 20230920104351.0 | ||
| 007 | ta | ||
| 008 | 211224t20212201tu 001 0 tur u | ||
| 020 | _a9786050510249 (hardcover) | ||
| 035 | _a(TR-AnTOB)200449774 | ||
| 040 |
_aB9K _beng _erda _cB9K _dTR-AnTOB |
||
| 041 | 0 | _atur | |
| 043 | _aa-tu--- | ||
| 050 | 4 |
_aKKX2460 _b.A53 2021 |
|
| 090 |
_aKKX2460 _b.A53 2021 |
||
| 245 | 0 | 0 |
_aAnayasa Mahkemesi'nin bireysel başvuru sonucunda vermiş olduğu medenî usûl hukukuna ilişkin kararlar / _ceditörler: Prof. Dr. Murat Atalı, Doç. Dr. Ersin Erdoğan, Dr. Süleyman Burak Gündoğdu. |
| 246 | 0 | 4 | _aAnayasa Mahkemesi'nin medeni usûl hukuku hakkında bireysel başvuru kararları. |
| 264 | 1 |
_aAnkara : _bYetkin, Yayınları _c2021. |
|
| 264 | 4 | _c©2021 | |
| 300 |
_a478 pages ; _c25 cm |
||
| 336 |
_atext _btxt _2rdacontent |
||
| 337 |
_aunmediated _bn _2rdamedia |
||
| 338 |
_avolume _bnc _2rdacarrier |
||
| 500 | _aIncludes index. | ||
| 610 | 1 | 0 |
_aTürkiye _bAnayasa Mahkemesi _9120065 |
| 650 | 0 |
_aMedeni haklar _zTürkiye _992257 |
|
| 650 | 7 |
_aMedeni hukuk _zTürkiye _2etuturkob _97805 |
|
| 650 | 7 |
_aAnayasa mahkemeleri _zTürkiye _2etuturkob _9113624 |
|
| 650 | 0 |
_aAnayasa hukuku _zTürkiye _9116005 |
|
| 700 | 1 |
_aAtalı, Murat _eeditor _9124593 |
|
| 700 | 1 |
_aErdoğan, Ersin _eeditor _9126093 |
|
| 700 | 1 |
_aGündoğdu, Süleyman Burak _eeditor _9138966 |
|
| 942 |
_2lcc _cBK |
||